书目信息 |
| 题名: |
企业商业模式理论与实务
|
|
| 作者: | 余来文 , 封智勇 , 周玫 , 孟鹰 编著 | |
| 分册: | ||
| 出版信息: | 北京 经济管理出版社 2015.05 |
|
| 页数: | 313页 | |
| 开本: | 24cm | |
| 丛书名: | “十二五”高等院校工商管理专业精品课程系列 | |
| 单 册: | ||
| 中图分类: | F272.3 | |
| 科图分类: | ||
| 主题词: | 企业管理--Qi Ye Guan Li--商业模式--研究 , 商业模式--Shang Ye Mo Shi , 研究--Yan Jiu | |
| 电子资源: | ||
| ISBN: | 978-7-5096-3652-7 | |
| 000 | 01612nam0 22003491 450 | |
| 001 | 349986 | |
| 005 | 20161009084836.54 | |
| 010 | @a978-7-5096-3652-7@dCNY49.00 | |
| 100 | @a20150602d2015 em y0chiy50 ea | |
| 101 | 0 | @achi |
| 102 | @aCN@b110000 | |
| 105 | @aa a 000yy | |
| 106 | @ar | |
| 200 | 1 | @a企业商业模式理论与实务@AQi Ye Shang Ye Mo Shi Li Lun Yu Shi Wu@dThe theory and practice of enterprise business model@f余来文 ... [等] 编著@zeng |
| 210 | @a北京@c经济管理出版社@d2015.05 | |
| 215 | @a313页@c图@d24cm | |
| 225 | 2 | @a“十二五”高等院校工商管理专业精品课程系列@AShi Er Wu Gao Deng Yuan Jiao Gong Shang Guan Li Zhuan Ye Jing Pin Ke Cheng Xi Lie@i工程管理系列教材 |
| 304 | @a题名页题其余责任者: 封智勇, 周玫, 孟鹰 | |
| 320 | @a有书目 (第309-313页) | |
| 330 | @a“企业商业模式”如今成为当前研究的热点, 一方面, 该书是对之前关于商业模式系列研究的一种延续, 另一方面, 更是从理论深度和实践高度, 对商业模式展开深入研究。本书分为九个章节, 分别为: 商业模式时代、认识商业模式、商业模式的理论模型、企业定位、盈利模式、资源整合、平台战略、价值创造、商业模式变革。 | |
| 461 | 0 | @12001 @a“十二五”高等院校工商管理专业精品课程系列@i工程管理系列教材 |
| 510 | 1 | @aTheory and practice of enterprise business model@zeng |
| 606 | 0 | @a企业管理@AQi Ye Guan Li@x商业模式@x研究 |
| 606 | 0 | @a商业模式@AShang Ye Mo Shi |
| 606 | 0 | @a研究@AYan Jiu |
| 690 | @aF272.3@v5 | |
| 701 | 0 | @a余来文@AYu Lai Wen@4编著 |
| 701 | 0 | @a封智勇@AFeng Zhi Yong@4编著 |
| 701 | 0 | @a周玫@AZhou Mei@4编著 |
| 701 | 0 | @a孟鹰@AMeng Ying@4编著 |
| 801 | 0 | @aCN@bTANGWEI@20160802 |
| 905 | @b0887755-9@dF272.3@e1266@f5 | |
| 企业商业模式理论与实务=The theory and practice of enterprise business model/余来文 ... [等] 编著.-北京:经济管理出版社,2015.05 |
| 313页:图;24cm.-(“十二五”高等院校工商管理专业精品课程系列.工程管理系列教材) |
| ISBN 978-7-5096-3652-7:CNY49.00 |
| “企业商业模式”如今成为当前研究的热点, 一方面, 该书是对之前关于商业模式系列研究的一种延续, 另一方面, 更是从理论深度和实践高度, 对商业模式展开深入研究。本书分为九个章节, 分别为: 商业模式时代、认识商业模式、商业模式的理论模型、企业定位、盈利模式、资源整合、平台战略、价值创造、商业模式变革。 |
| ● |
| 相关链接 |
|
|
|
|
正题名:企业商业模式理论与实务
索取号:F272.3/1266
 
预约/预借
| 序号 | 登录号 | 条形码 | 馆藏地/架位号 | 状态 | 备注 |
| 1 | 0887755 | 208877553 | 第一样本阅览室/ [索取号:F272.3/1266] | 在馆 | |
| 2 | 0887756 | 208877562 | 密集书库-海洋学院/ [索取号:F272.3/1266] | 在馆 | |
| 3 | 0887757 | 208877571 | 第一借阅区/ [索取号:F272.3/1266] | 在馆 | |
| 4 | 0887758 | 208877580 | 第一借阅区/ [索取号:F272.3/1266] | 在馆 | |
| 5 | 0887759 | 208877599 | 第一借阅区/ [索取号:F272.3/1266] | 在馆 |